CORPORATE GOVERNANCE CRITICAL ISSUES (Record no. 12158)

MARC details
000 -LEADER
fixed length control field 00338nam a2200133Ia 4500
008 - FIXED-LENGTH DATA ELEMENTS--GENERAL INFORMATION
fixed length control field 240624s9999 xx 000 0 und d
041 ## - LANGUAGE CODE
Language code of text/sound track or separate title eng
082 ## - DEWEY DECIMAL CLASSIFICATION NUMBER
Classification number 658.408 BAX
100 ## - MAIN ENTRY--PERSONAL NAME
Personal name BAXI C V
245 ## - TITLE STATEMENT
Title CORPORATE GOVERNANCE CRITICAL ISSUES
260 ## - PUBLICATION, DISTRIBUTION, ETC.
Date of publication, distribution, etc. 2007
Place of publication, distribution, etc. New Delhi
Name of publisher, distributor, etc. Excel Books
300 ## - PHYSICAL DESCRIPTION
Extent 243 : p. : cm. ; 24
365 ## - TRADE PRICE
Currency code RS
Price amount 35
Holdings
Withdrawn status Lost status Damaged status Not for loan Home library Current library Shelving location Date acquired Source of acquisition Cost, normal purchase price Total Holds Full call number Barcode Date last seen Copy number Price effective from Koha item type
        IMTN IMTN Rack 31-B 12/30/2008 IBH 195.00 2116 658.408 BAX 12158 06/24/2024 1 06/24/2024 Books
Designed & Maintained by: LRC IMT Nagpur Contact: lrc@imtnag.ac.in© 2024. All Rights Reserved.